List of Big Brother Houseguests (US Seasons) - Statistics

General Stats
  • This quiz has been taken 12 times
  • The average score is 253 of 363
Answer Stats
Hint Answer % Correct
4 Amanda Craig
100%
9 Amanda Hansen
100%
15 Amanda Zuckerman
100%
10 | 14 Dan Gheesling
100%
24 Daniel Durston
100%
OTT Danielle Lickey
100%
14 Danielle Murphy
100%
3 | 7 Danielle Reyes
100%
16 Derrick Levasseur
100%
8 | 13 Dick Donato
100%
14 | 18 Frank Eudy
100%
16 Frankie Grande
100%
21 Jack Matthews
100%
4 Jack Owens Jr.
100%
21 Jackson Michie
100%
17 | 18 James Huling
100%
6 | 7 James Rhine
100%
9 James Zinkand
100%
6 | 7 | 14 | 22 Janelle Pierzina
100%
9 Jen Diturno
100%
8 Jen Marie Johnson
100%
19 Jessica Graf
100%
8 Jessica Lynn Hughbanks
100%
21 Jessica Milagros
100%
3 Josh Feinberg
100%
19 Josh Martinez
100%
19 Matt Clines
100%
12 Matt Hoffman
100%
22 Memphis Garrett
100%
24 Michael Bruner
100%
5 Michael "Cowboy" Ellis
100%
6 Michael Donnellan
100%
8 Michael "Mike" Dutz
100%
2 | 7 | 14 Mike "Boogie" Malin
100%
5 Mike Lubinski
100%
10 Robert "Memphis" Garrett
100%
OTT Scott Dennis
100%
20 Scottie Salton
100%
5 Scott Long
100%
4 Scott Weintraub
100%
20 Steve Arienta
100%
17 Steve Moses
100%
14 Wil Heuser
100%
2 | 7 Will Kirby
100%
5 Will Wikle
100%
16 Zach Rance
100%
15 Aaryn Gries
80%
9 Adam Jasinski
80%
13 Adam Poch
80%
9 Alex Coladonato
80%
19 Alex Ow
80%
OTT Alex Willett
80%
9 Allison Nichols
80%
23 Alyssa Lopez
80%
24 Alyssa Snider
80%
16 Amber Borzotra
80%
8 Amber Siyavus
80%
24 Ameerah Jones
80%
3 Amy Crews
80%
21 Analyse Talavera
80%
15 Andy Herren
80%
20 Angela Rummans
80%
20 Angie "Rockstar" Lantry
80%
10 Angie Swindell
80%
17 Audrey Middleton
80%
17 Austin Matelson
80%
23 Azah Awasum
80%
20 | 22 Bayleigh Dayton
80%
17 Becky Burgess
80%
23 Brandon "Frenchie" French
80%
23 Brent Champagne
80%
20 Brett Robinson
80%
18 Bridgette Dunning
80%
23 Britini D'Angelo
80%
12 | 14 Britney Haynes
80%
24 Brittany Hoopes
80%
16 Brittany Martinez
80%
1 Brittany Petros
80%
18 Bronte D'Acquisto
80%
16 Caleb Reynolds
80%
19 Cameron Heard
80%
23 Christian Birkenberger
80%
21 Christie Murphy
80%
16 Christine Brecht
80%
19 | 22 Christmas Abbott
80%
20 Christopher "Swaggy C" Williams
80%
23 Claire Rehfuss
80%
17 Clay Honeycutt
80%
21 Cliff Hogg III
80%
16 | 22 Cody Calafiore
80%
19 Cody Nickson
80%
18 Corey Brooks
80%
22 Daniele Briones
80%
8 | 13 Daniele Donato
80%
21 | 22 David Alexander
80%
15 David Girton
80%
4 David Lane
80%
17 | 18 | 22 Da'Vonne Rogers
80%
23 Derek Frazier
80%
23 Derek Xiao
80%
16 Devin Shepherd
80%
16 Donny Thompson
80%
5 Drew Daniel
80%
19 Elena Davies
80%
15 Elissa Slater
80%
12 | 22 Enzo Palumbo
80%
20 Fessy Shafaat
80%
1 | 7 George "Chicken" Boswell
80%
15 Gina-Marie Zimmerman
80%
18 Glenn Garcia
80%
20 Haleigh Broucher
80%
23 Hannah Chaddha
80%
12 Hayden Moss
80%
16 Hayden Voss
80%
15 Helen Kim
80%
21 Holly Allen
80%
5 Holly King
80%
14 | 22 Ian Terry
80%
24 Indy Santos
80%
21 Isabella Wang
80%
17 Jace Agolli
80%
17 Jackie Ibarra
80%
24 Jasmine Davis
80%
19 Jason Dent
80%
3 Jason Guy
80%
17 | OTT Jason Roy
80%
20 JC Mounduix
80%
1 Jean Jordan
80%
11 | 13 Jeff Schroeder
80%
17 Jeff Weldon
80%
14 Jenn Arroyo
80%
5 | 7 Jennifer "Nakomis" Dedmon
80%
16 Jocasta Odom
80%
14 Joe Arvin
80%
8 Joe Barber II
80%
24 Joe "Pooch" Pucciarelli
80%
16 Joey Van Pelt
80%
17 John McGuire
80%
24 Joseph Abdin
80%
17 Julia Nolan
80%
4 Jun Song
80%
20 Kaitlyn Herman
80%
21 Kathryn Dunn
80%
20 Kaycee Clark
80%
6 | 7 | 22 Kaysar Ridha
80%
10 | 22 Keesha Smith
80%
21 Kemi Fakunle
80%
11 | 22 Kevin Campbell
80%
19 Kevin Schlehuber
80%
12 Kristen Bitting
80%
23 Kyland Young
80%
24 Kyle Capener
80%
12 Lane Elenburg
80%
17 Liz Nolan
80%
19 Mark Jansen
80%
9 Matthew McDonald
80%
24 Matthew Turner
80%
15 McCrae Olson
80%
19 Megan Lowder
80%
17 Meg Maley
80%
11 Michele Noonan
80%
10 Michelle Costa
80%
4 Michelle Maradie
80%
18 Michelle Meyer
80%
OTT Monte Massongill
80%
24 Monte Taylor
80%
OTT Morgan Willett
80%
9 Natalie Lynn Cunial
80%
11 Natalie Martinez
80%
5 Natalie Montgomery
80%
18 Natalie Negrotti
80%
21 Nick Maccarone
80%
8 Nick Starcevic
80%
15 Nick Uhas
80%
21 | 22 Nicole Anthony
80%
16 | 18 | 22 Nicole Franzel
80%
24 Nicole Layog
80%
2 Nicole Nilson-Schaffrich
80%
21 Ovi Kabir
80%
24 Paloma Aguilar
80%
16 Paola Shea
80%
18 | 19 Paul Abrahamian
80%
18 Paulie Calafiore
80%
6 Rachel Plencner
80%
12 | 13 Rachel Reilly
80%
20 Rachel Swindler
80%
12 Ragan Fox
80%
19 Raven Walton
80%
20 Sam Bledsoe
80%
21 Sam Smith
80%
23 Sarah-Beth Steagall
80%
6 Sarah Hrejsa
80%
17 Shelli Poole
80%
24 Taylor Hale
80%
24 Terrance Higgins
80%
23 Tiffany Mitchell
80%
18 Tiffany Rousso
80%
21 Tommy Bracco
80%
23 Travis Long
80%
20 | 22 Tyler Crispen
80%
17 Vanessa Rousso
80%
18 Victor Arroyo
80%
16 Victoria Rafaeli
80%
OTT Whitney Hogg
80%
23 Whitney Williams
80%
14 Willie Hantz
80%
20 Winston Hines
80%
23 Xavier Prather
80%
4 | 7 Alison Irwin
60%
12 Andrew Gordon
60%
12 Annie Whittington
60%
10 April Dowling
60%
6 April Lewis
60%
12 | 13 Brendon Villegas
60%
1 Cassandra Waldon
60%
11 Chima Simone
60%
13 Dominic Briones
60%
19 Dominique Cooper
60%
1 Eddie McGee
60%
15 Howard Overby
60%
6 Jennifer Vasquez
60%
10 Jerry MacDonald
60%
10 | 11 Jessie Godderz
60%
15 Jessie Kowalski
60%
19 Jillian Parker
60%
18 Jozea Flores
60%
15 Judd Daughtery
60%
13 Kalia Booker
60%
12 Kathy Hillis
60%
OTT Kryssie Ridolfi
60%
10 Libra Thompson
60%
10 Lorenza "Renny" Martyn
60%
13 Porsche Briggs
60%
19 Ramses Soto
60%
11 Russell Kairouz
60%
9 Ryan Quicksall
60%
OTT Shane Chapman
60%
14 Shane Meany
60%
15 Spencer Clawson
60%
18 Zakiyah Everette
60%
14 Ashley Iocco
40%
11 Braden Bacha
40%
10 Brian Hart
40%
10 Bryan Ollie
40%
15 Candice Stewart
40%
11 Casey Turner
40%
13 Cassi Colvin
40%
OTT Chad "Cornbread" Ligon
40%
5 | 7 Diane Henry
40%
6 Eric "Cappy" Littmann
40%
3 Eric Ouellette
40%
8 Eric Scott Stein
40%
4 | 7 Erika Landin
40%
6 | 7 Howie Gordon
40%
6 Ivette Cordero
40%
5 | 7 Jase Wirey
40%
15 Jeremy McGuire
40%
14 Jodi Rollins
40%
14 JoJo Spatafora
40%
11 | 13 Jordan Lloyd
40%
OTT Justin Duncan
40%
4 Justin Giovinco
40%
2 Justin Sebik
40%
15 Kaitlin Barnaby
40%
14 Kara Monaco
40%
13 Keith Henderson
40%
11 Laura Crosby
40%
13 Lawon Exum
40%
11 Lydia Tavera
40%
6 Maggie Asburn
40%
3 | 7 Marcellas Reynolds
40%
12 Monet Stunson
40%
OTT Neeley Jackson
40%
11 Ronnie Talbott
40%
9 Sheila Kennedy
40%
OTT Shelby Stockton
40%
13 Shelly Moore
40%
10 Steven Daigle
40%
5 Adria Montgomery
20%
6 Ashlea Evans
20%
2 Autumn Daly
20%
6 Beau Beasley
20%
2 Bill "Bunky" Miller
20%
8 Carol Journey
20%
9 Chelsia Hart
20%
3 Chiara Jude-Berti
20%
1 Curtis Kin
20%
4 Dana Varela
20%
8 Dustin Erikstrup
20%
3 Gerry Lancaster
20%
2 Hardy Ames-hill
20%
9 Jacob Heald
20%
8 Jameka Cameron
20%
1 Jamie Kern
20%
4 Jee Choe
20%
9 Joshuah Welch
20%
1 Joshua Souza
20%
8 Kail Harbick
20%
5 Karen Ann Ganci
20%
1 Karen Fowler
20%
2 Kent Blackwelder
20%
2 Krista Stegall
20%
3 Lisa Donahue
20%
3 Lori Olsen
20%
5 Lori Valenti
20%
5 Marvin Latimer
20%
2 Monica Bailey
20%
4 Nathan Marlow
20%
9 Neil Garcia
20%
9 Parker Somerville
20%
4 Robert Roman
20%
3 Roddy Mancuso
20%
2 Shannon Dragoo
20%
9 Sharon Obermueller
20%
2 Sheryl Braxton
20%
3 Tonya Paoni
20%
1 William Collins
20%
8 Zachary Swerdzewski
20%
No matching quizzes found
Score Distribution
Percent of People with Each Score
Percentile by Number Answered
Your Score History
You have not taken this quiz